Inter players (2000-2010) - Statistics

General Stats
  • This quiz has been taken 15 times
  • The average score is 50 of 124
Answer Stats
Rank Player Positions Nationality Matches Goals (assists) Period % Correct
15 Cristiano Zanetti DM 99 2 (4) 2001-2006
100%
1 Javier Zanetti RB 340 3 (10) 2000-2010
100%
39 Diego Milito ST 35 22 (5) 2009-2010
93%
2 Iván Córdoba CB 277 15 (8) 2000-2010
93%
6 Júlio César GK 170 0 (0) 2005-2010
93%
5 Marco Materazzi CB 176 18 (5) 2001-2010
93%
19 Zlatan Ibrahimović ST 88 57 (22) 2006-2009
93%
11 Christian Vieri ST 124 90 (11) 2000-2005
86%
23 Cristian Chivu CB 67 1 (5) 2007-2010
86%
4 Esteban Cambiasso DM 183 23 (13) 2004-2010
86%
69 Goran Pandev CF 19 3 (6) 2009-2010
86%
13 Luís Figo RW 105 9 (24) 2005-2009
86%
10 Maicon RB 125 13 (31) 2006-2010
86%
43 Samuel Eto'o ST 32 12 (5) 2009-2010
86%
14 Walter Samuel CB 102 9 (0) 2005-2010
86%
12 Adriano ST 123 48 (19) 2001-2002, 2003-2009
79%
3 Dejan Stanković CM 183 24 (33) 2003-2010
79%
28 Fabio Cannavaro CB 50 2 (1) 2002-2004
79%
7 Francesco Toldo GK 147 0 (1) 2001-2009
79%
20 Hernán Crespo ST 80 27 (11) 2002-2003, 2006-2009
79%
57 Wesley Sneijder AM 26 4 (8) 2009-2010
79%
8 Álvaro Recoba CF 139 40 (36) 2000-2007
71%
58 César LM 25 2 (2) 2005-2006, 2007-2008
71%
44 Lúcio CB 31 1 (3) 2009-2010
71%
18 Obafemi Martins ST 88 28 (11) 2002-2006
71%
89 Ronaldo ST 10 7 (3) 2001-2002
71%
31 Juan Sebastián Verón CM 49 3 (7) 2004-2006
64%
9 Julio Cruz ST 130 49 (16) 2003-2009
64%
25 Mario Balotelli ST 59 20 (9) 2007-2010
64%
22 Maxwell LB 79 2 (3) 2006-2009
64%
24 Patrick Vieira DM 67 6 (8) 2006-2010
64%
26 Sulley Muntari CM 54 6 (8) 2008-2010
64%
33 Clarence Seedorf CM 44 5 (8) 2000-2002
57%
34 Mohamed Kallon ST 43 14 (6) 2001-2004
57%
63 Ricardo Quaresma RW 24 1 (2) 2008-2010
57%
60 Siniša Mihajlović CB 25 5 (7) 2004-2006
57%
61 David Pizarro CM 24 1 (2) 2005-2006
50%
49 David Suazo ST 28 8 (1) 2007-2008, 2009-2010
50%
21 Emre Belözoğlu CM 79 3 (4) 2001-2005
50%
64 Fabio Grosso LB 23 2 (0) 2006-2007
50%
66 Georgios Karagounis CM 21 0 (1) 2003-2005
50%
106 Iván Zamorano ST 2 1 (0) 2000-2001
50%
16 Nicolás Burdisso CB 93 4 (3) 2004-2009
50%
56 Thiago Motta DM 26 4 (3) 2009-2010
50%
100 Andrea Pirlo DM 4 0 (0) 2000-2001
43%
77 Benoît Cauet CM 15 0 (2) 2000-2001
43%
50 Davide Santon LB 28 0 (1) 2008-2010
43%
62 Hakan Şükür ST 24 5 (2) 2000-2001
43%
27 Kily González LM 51 0 (5) 2003-2006
43%
41 Laurent Blanc CB 33 3 (0) 2000-2001
43%
17 Luigi Di Biagio DM 88 11 (4) 2000-2003
43%
55 Mancini LW 26 0 (4) 2008-2010
43%
82 Mariano González RW 14 0 (1) 2006-2007
43%
103 Marko Arnautovic ST 3 0 (0) 2009-2010
43%
93 McDonald Mariga DM 8 0 (0) 2009-2010
43%
71 Nelson Vivas RB 19 0 (0) 2001-2003
43%
102 Paolo Orlandoni GK 4 0 (0) 2005-2006, 2007-2009
43%
37 Santiago Solari LM 39 4 (2) 2005-2008
43%
51 Sébastien Frey GK 28 0 (0) 2000-2001
43%
45 Andrés Guglielminpietro LM 30 0 (3) 2001-2003
36%
42 Andy van der Meyde RW 32 1 (6) 2003-2005
36%
46 Daniele Adani CB 30 2 (0) 2002-2004
36%
47 Dario Simic CB 30 0 (0) 2000-2002
36%
29 Giuseppe Favalli LB 49 0 (2) 2004-2006
36%
30 Javier Farinós DM 49 2 (2) 2000-2004
36%
118 Leonardo Bonucci CB 1 0 (0) 2005-2006
36%
67 Luis Jiménez AM 21 3 (4) 2007-2009
36%
92 Maniche CM 8 1 (0) 2007-2008
36%
74 Nelson Rivas CB 16 0 (0) 2007-2009
36%
59 Okan Buruk RM 25 2 (3) 2001-2004
36%
40 Olivier Dacourt DM 34 0 (1) 2006-2009
36%
97 Robbie Keane ST 6 0 (0) 2000-2001
36%
35 Sérgio Conceição RW 42 1 (6) 2001-2003
36%
65 Thomas Helveg RB 23 0 (1) 2003-2004
36%
36 Vratislav Gresko LB 41 0 (5) 2000-2002
36%
54 Francesco Coco LB 26 0 (0) 2002-2005
29%
84 Gabriel Batistuta ST 12 2 (1) 2002-2003
29%
88 Grigoris Georgatos LB 10 1 (1) 2001-2002
29%
53 Matías Almeyda DM 27 0 (0) 2002-2004
29%
75 Nicola Ventola ST 16 4 (1) 2001-2002
29%
80 Pelé CM 15 0 (0) 2007-2008
29%
83 Pierre Womé LB 13 0 (0) 2005-2006
29%
99 Rene Krhin DM 5 0 (0) 2009-2010
29%
32 Stéphane Dalmat CM 48 3 (3) 2000-2003
29%
48 Zé Maria RB 30 1 (5) 2004-2006
29%
108 Alen Stevanovic LW 1 0 (0) 2009-2010
21%
52 Carlos Gamarra CB 27 0 (1) 2002-2005
21%
78 Cristian Brocchi CM 15 1 (0) 2000-2001
14%
73 Domenico Morfeo AM 17 1 (2) 2002-2003
14%
81 Edgar Davids CM 14 0 (0) 2004-2005
14%
101 Fabián Carini GK 4 0 (0) 2004-2005
14%
117 Lampros Choutos ST 1 0 (0) 2006-2007
14%
95 Marco Andreolli CB 7 0 (0) 2004-2007
14%
70 Matteo Ferrari CB 19 0 (0) 2000-2001
14%
76 Sabri Lamouchi CM 16 0 (1) 2003-2004
14%
91 Victor Obinna CF 9 1 (1) 2008-2009
14%
87 Alberto Fontana GK 10 0 (0) 2001-2005
7%
72 Bruno Cirillo CB 17 0 (0) 2000-2001
7%
94 Fabio Macellari LB 7 0 (0) 2000-2001
7%
113 Francesco Bolzoni DM 1 0 (0) 2008-2009
7%
38 Giovanni Pasquale LM 36 0 (0) 2002-2005
7%
85 Gonzalo Sorondo CB 11 0 (0) 2001-2002
7%
115 Ibrahim Maaroufi DM 1 0 (0) 2006-2007
7%
90 Jérémie Bréchet CB 9 0 (0) 2003-2004
7%
98 Luciano RM 5 0 (0) 2003-2004
7%
96 Marco Ballotta GK 6 0 (0) 2000-2001
7%
86 Marco Ferrante ST 11 1 (0) 2000-2001
7%
79 Michele Serena LB 15 0 (1) 2000-2002
7%
104 Nicola Beati DM 3 0 (0) 2000-2001, 2002-2003
7%
124 Vampeta CM 1 0 (0) 2000-2001
7%
68 Vladimir Jugović CM 21 1 (2) 2000-2001
7%
109 Antonio Pacheco CF 1 0 (0) 2000-2001
0%
110 Corrado Colombo ST 1 0 (0) 2000-2001
0%
111 Daniel Maa Boumsong DM 1 0 (1) 2005-2006
0%
105 Dino Marino CM 2 0 (0) 2004-2005
0%
112 Domenico Germinale ST 1 0 (0) 2005-2006
0%
114 Goran Slavkovski ST 1 0 (0) 2005-2006
0%
116 Ilario Aloe RW 1 0 (0) 2005-2006
0%
119 Luca Franchini LB 1 0 (0) 2002-2003
0%
107 Nicola Napolitano CM 2 0 (0) 2002-2003
0%
120 Raffaele Trezzi AM 1 0 (0) 2000-2001
0%
121 Riccardo Meggiorini ST 1 0 (0) 2004-2005
0%
122 Salvatore Ferraro CB 1 0 (0) 2001-2002
0%
123 Tijani Belaid AM 1 0 (0) 2004-2005
0%
No matching quizzes found
Score Distribution
Percent of People with Each Score
Percentile by Number Answered
Your Score History
You have not taken this quiz